000 01076cam a2200301 a 4500
001 1651917
003 OSt
005 20241113164337.0
008 970403s1997 mdua 001 0 eng c
010 _a 97008734
020 _a0683062255
040 _aDNLM/DLC
_cDLC
_dDLC
050 1 0 _aQM553
_b.H385 1997
060 1 0 _aQS 518.2 H518n 1997
082 0 0 _aQS 504 H518h 1997
_221
100 1 _aHenrikson, Ray C.; Kaye, Gordon I.; Mazurkiewicz, Joseph E.
_91245
245 1 0 _aHistology
260 _aBaltimore;
_bWilliams & Wilkins,
_cc1997.
300 _axv, 512 p. :
_bill. ;
_c26 cm.
440 4 _aThe National medical series for independent study
_91246
504 _aIncludes index.
650 0 _aHistology
_91247
650 0 _aHistology MCQs
_91248
856 4 2 _3Publisher description
_uhttp://www.loc.gov/catdir/enhancements/fy0712/97008734-d.html
906 _a7
_bcbc
_corignew
_d1
_eocip
_f19
_gy-gencatlg
942 _2z
_cSLOAN
999 _c468
_d468